Bolentín de la Cámara de Diputados. (Registro nro. 36649)
[ vista simple ]
| 000 -CABECERA | |
|---|---|
| campo de control de longitud fija | 00661nas a2200205 4500 |
| 001 - NÚMERO DE CONTROL | |
| campo de control | 000037159 |
| 003 - IDENTIFICADOR DEL NÚMERO DE CONTROL | |
| campo de control | DLC |
| 005 - FECHA Y HORA DE LA ÚLTIMA TRANSACCIÓN | |
| campo de control | 20200930080158.0 |
| 008 - DATOS DE LONGITUD FIJA--INFORMACIÓN GENERAL | |
| campo de control de longitud fija | 120220c19539999dr ur1p dd 0 0spa d |
| 040 ## - FUENTE DE LA CATALOGACIÓN | |
| Centro catalogador/agencia de origen | DO-SdBNP |
| Lengua de catalogación | spa |
| Centro/agencia transcriptor | BNPHU |
| 043 ## - CÓDIGO DE ÁREA GEOGRÁFICA | |
| Código de área geográfica | nwdr |
| 110 1# - ENTRADA PRINCIPAL--NOMBRE DE ENTIDAD CORPORATIVA | |
| Nombre de entidad corporativa o nombre de jurisdicción como elemento de entrada | República Dominicana : |
| Unidad subordinada | Cámara de Diputados |
| 9 (RLIN) | 32238 |
| 245 00 - MENCIÓN DE TÍTULO | |
| Título | Bolentín de la Cámara de Diputados. |
| 260 ## - PUBLICACIÓN, DISTRIBUCIÓN, ETC. | |
| Lugar de publicación, distribución, etc. | Ciudad Trujillo, República Dominicana :. |
| 300 ## - DESCRIPCIÓN FÍSICA | |
| Extensión | v. ; |
| Dimensiones | 30 cm. |
| 310 ## - PERIODICIDAD ACTUAL | |
| Periodicidad actual | Desconocido |
| 362 1# - FECHAS DE PUBLICACIÓN Y/O DESIGNACIÓN SECUENCIAL | |
| Fecha de publicación y/o designación secuencial | No. 277 . período 1952- 1957 |
| 500 ## - NOTA GENERAL | |
| Nota general | Catalogación basada en el No. 277 . período 1952- 1957 |
| 500 ## - NOTA GENERAL | |
| Nota general | Secciones selebradas durante el mes de octubre de 1953 |
No hay ítems disponibles.
